000 00537cam a2200145 4500500
005 20260208010607.0
041 _afre
042 _adc
100 1 0 _aVerdeau, Patricia
_eauthor
245 0 0 _aESTHÉTIQUE.Paul Audi, Créer, La Versanne, Encre marine, 2005, 427 p., 39 E.
260 _c2006.
500 _a19
786 0 _nRevue philosophique de la France et de l'étranger | 131 | 1 | 2006-03-01 | p. 77zp-138zp | 0035-3833
856 4 1 _uhttps://shs.cairn.info/revue-philosophique-2006-1-page-77zp?lang=fr&redirect-ssocas=7080
999 _c1657267
_d1657267